TIT FOR TAT - Tate McRae - Statistics

General Stats
  • This quiz has been taken 59 times
    26 since last reset
  • The average score is 445 of 536
Answer Stats
% Correct
a
100%
that
100%
that,
100%
that)
100%
That
100%
you
100%
you,
100%
(You
100%
you)
100%
your
100%
about
92%
acting
92%
again,
92%
again
92%
as
92%
boy,
92%
even
92%
for
92%
go
92%
how
92%
I
92%
I'm
92%
I'm—
92%
(I'm
92%
like
92%
love
92%
might
92%
my
92%
never
92%
No,
92%
not
92%
Now
92%
now,
92%
Right
92%
see
92%
though
92%
Thought
92%
thought
92%
will
92%
you're
92%
be
85%
call,
85%
call
85%
feel
85%
it
85%
it,
85%
It
85%
me
85%
me,
85%
tat,
85%
the
85%
The
85%
tit
85%
to
85%
was
85%
We
85%
we
85%
answered
77%
back
77%
(Back
77%
back)
77%
blessing
77%
do
77%
Fix
77%
fucking
77%
In
77%
Last
77%
Let's
77%
let's
77%
making
77%
night,
77%
of
77%
self,
77%
she
77%
song
77%
song,
77%
this,
77%
this
77%
always
69%
asked
69%
(Asked
69%
ass
69%
(Ass
69%
day
69%
deal
69%
ending
69%
far
69%
fight
69%
got,
69%
heat
69%
If
69%
It's
69%
kiss
69%
know
69%
made
69%
met
69%
sealed
69%
side
69%
That's
69%
took
69%
Took
69%
want
69%
where
69%
away
62%
best
62%
bruise
62%
can't
62%
change
62%
changing
62%
future
62%
had
62%
make
62%
makes
62%
narrative
62%
off
62%
on
62%
say
62%
up
62%
Why
62%
you'd
62%
and
54%
at?
54%
at?)
54%
but
54%
Could
54%
ego
54%
good,
54%
good
54%
(Good
54%
have
54%
hearing
54%
hurts
54%
left
54%
looks
54%
messy
54%
messy,
54%
one
54%
our
54%
out
54%
partying
54%
picked
54%
really
54%
respectful,
54%
shit
54%
type
54%
where's
54%
without
54%
worse
54%
write?
54%
damn
46%
exactly
46%
here
46%
I'll
46%
known
46%
nothing
46%
plate
46%
shame
46%
Should've
46%
through
46%
tryna
46%
Wow,
23%
thе
0%
wеre
0%
No matching quizzes found
Score Distribution
Percent of People with Each Score
Percentile by Number Answered
Your Score History
You have not taken this quiz since the last reset